000 01279nam a22003017a 4500
005 20240530110949.0
008 221019s2022 ua bh f 000 0 ara d
017 _a2022/25825
_bمصر. دار الكتب
020 _a978977344480
040 _aEG-CaGPL
_cEG-CaGPL
082 0 4 _221
_a962.16
_bق/م م
100 0 _aمحمد حسام الدين اسماعيل اسماعيل
245 1 0 _aمنطقة الدرب الاحمر :
_bدراسة اثرية وثائقية : شوارع الدرب الاحمر التبانة باب الوزير المحجر سوق السلاح /
_cتاليف محمد حسام الدين اسماعيل اسماعيل
250 _aالاولى
260 _aالقاهرة :
_bدار الافاق العربية،
_c2021.
300 _a591 ص. :
_bايض ؛
_c24 سم.
504 _aيشتمل على ارجاعات ببليوجرافية
650 0 7 _2qrmak
_aالشوارع
_xتخطيط
651 0 7 _2qrmak
_aالقاهرة
_xوصف ورحلات
651 0 7 _2qrmak
_a القاهرة
_xالشوارع
653 0 _aالدرب الاحمر
653 0 _aالتبانة
653 0 _aباب الوزير
653 0 _aالمحجر
653 0 _aسوق السلاح
942 _2ddc
_cBK
999 _c66954
_d66954